| 000 | 00606nam a2200181Ia 4500 | ||
|---|---|---|---|
| 008 | 090124s9999 xx 000 0 und d | ||
| 082 | _b24757 | ||
| 100 | _aकशाऴीकर डॉ. श्रीनिवास | ||
| 245 | _a सूर्यशोध | ||
| 250 | _a1 | ||
| 260 |
_bमनोविकास प्रकाशन _c1986 |
||
| 300 | _a162 | ||
| 600 | _aकशाऴीकर डॉ. श्रीनिवास | ||
| 630 | _a सूर्यशोध | ||
| 700 | _aकशाऴीकर डॉ. श्रीनिवास | ||
| 730 | _a सूर्यशोध | ||
| 942 | _cBOOK | ||
| 999 |
_c93288 _d93288 |
||